| 000 | 00549cab a22001575a 4500 | ||
|---|---|---|---|
| 001 | L157691 | ||
| 008 | 130306e20130302xxk 000 0 eng d | ||
| 035 | _a(Sirsi) u157691 | ||
| 041 | 0 | _aeng | |
| 100 | 1 | _aPilgrim, Tarnya | |
| 245 | 0 | 0 | _aDistressing times |
| 520 | _aDiscusses the plans to restrict landlords' remedies for recovering commercial rent as the governement are going ahead with the abolition of distress for rent and introducing commercial rent arrears recovery. | ||
| 590 | _aKA | ||
| 690 |
_aCommercial property _96227 |
||
| 942 | _n0 | ||
| 999 |
_c84433 _d84433 |
||